00385nam a22001457a 450000500170000000800410001702000180005804100120007608200100008810000170009824500590011526000360017436500130021070000160022320240907152957.0240823b |||||||| |||| 00| 0 eng d a9781399804523 aenglish b33562 aKlaas Briian aFLUKE : Chance, chaos,and why everything we do matters aLondonbJohn Murray pressc2024 b454cRs. aTom holland